01206nam a2200157 a 4500020002800000020003000028082001700058100004400075245008000119260002300199300001300222490004000235520067500275650002800950856007000978 a0895733080 (Hard cover) a9780895733085 (Hardcover) a543.0877 TWO1 a(ed, William R. & Robert M. K. Carlson.10aTwo-dimensional NMR Spectroscopy :Applications for Chemists and Biochemists aTexasbVCH,c1987. a511 p. ;1 aMethods in stereochemical analysis. aAn internationally known chemist takes the reader on a tour of the fantastic and incredible world of the molecule. Written in everyday language and illustrated throughout, the book describes the concepts that govern the structure, motions, and transformations of molecules, the basic building blocks of all matter and life. The author demystifies modern chemistry for the general reader. He has intentionally refrained from using purely scientific terms, choosing instead equivalent expressions from ordinary language. The book is a translation of the original French edition, "Molecule la Merveilleuse", which won the Glaxo prize for the best popularization of science. achemistryabiochemistry40uhttp://www.amazon.com/exec/obidos/ASIN/0895733080/chopaconline-20